Normal view
MARC view
- Shah, P.J. Prof
Entry Personal Name
001 - CONTROL NUMBER
- control field: 112253
003 - CONTROL NUMBER IDENTIFIER
- control field: NUST
005 - DATE AND TIME OF LATEST TRANSACTION
- control field: 20230512100746.0
008 - FIXED-LENGTH DATA ELEMENTS
- fixed length control field: 230512|| aca||aabn | a|a d
040 ## - CATALOGING SOURCE
- Original cataloging agency: NUST
- Transcribing agency: NUST
100 ## - HEADING--PERSONAL NAME
- Personal name: Shah, P.J. Prof
670 ## - SOURCE DATA FOUND
- Source citation: Work cat.: (NUST)520505: Shah, P.J. Prof, A Textbook of Engineering Drawing, 2008
